[Event "EU-Cup 33rd"]
[Site "Antalya"]
[Date "2017.10.14"]
[Round "7.1"]
[White "Costachi, Mihnea"]
[Black "Oguz, Huseyin"]
[Result "1-0"]
[WhiteElo "2425"]
[BlackElo "1765"]
[PlyCount "107"]
[EventDate "2017.10.08"]
[EventType "team-swiss"]
[EventRounds "7"]
[EventCountry "TUR"]
[SourceTitle "CBM 181"]
[Source "ChessBase"]
[SourceDate "2017.11.10"]
[SourceVersion "1"]
[SourceVersionDate "2017.11.10"]
[SourceQuality "1"]
[WhiteTeam "Adare"]
[BlackTeam "Hatay Buyuksehir"]
[WhiteTeamCountry "IRL"]
[BlackTeamCountry "TUR"]

1. Nc3 d5 2. d4 Bf5 3. Bf4 c6 4. e3 Nf6 5. Be2 e6 6. a3 Bd6 7. Bxd6 Qxd6 8. Nf3 Nbd7 9. 0-0 Bg4 10. Re1 0-0 11. h3 Bh5 12. Nh4 Bxe2 13. Qxe2 c5 14. Rad1 cxd4 15. exd4 a6 16. Rd3 Nb6 17. a4 Qc7 18. b3 Nc8 19. Nf3 Nd6 20. Ne5 b5 21. Rc1 Rac8 22. axb5 axb5 23. Nd1 b4 24. Nb2 Nfe4 25. Na4 Nb5 26. h4 Nxd4 27. Rxd4 Qxe5 28. Qe3 Qb8 29. Nb2 Rc3 30. Nd3 Rfc8 31. Rxb4 Qd6 32. Ra4 Nc5 33. Raa1 e5 34. Qd2 d4 35. Ne1 Qc7 36. Rcb1 Ne4 37. Qe2 Nf6 38. b4 Nd5 39. b5 f6 40. Qg4 Nb6 41. Qe6+ Kh8 42. Ra6 Rb8 43. Rba1 h6 44. h5 Rc5 45. Ra7 Qd8 46. Nd3 Rxc2 47. Nxe5 fxe5 48. Rxg7 Rc1+ 49. Rxc1 Kxg7 50. Qxe5+ Kf7 51. Qf4+ Ke7 52. Re1+ Kd7 53. Qxd4+ Kc8 54. Qc5+ 1-0

[Event "TUR-chT2"]
[Site "Konya"]
[Date "2017.07.09"]
[Round "1.12"]
[White "Adas, Anil"]
[Black "Oguz, Huseyin"]
[Result "0-1"]
[WhiteElo "1583"]
[BlackElo "1726"]
[PlyCount "94"]
[EventDate "2017.07.09"]
[EventType "team-swiss"]
[EventRounds "9"]
[EventCountry "TUR"]
[SourceTitle "CBM 179 Extra"]
[Source "ChessBase"]
[SourceDate "2017.08.23"]
[SourceVersion "1"]
[SourceVersionDate "2017.08.23"]
[SourceQuality "1"]
[WhiteTeam "Ozel Biltepe Osmaniye"]
[BlackTeam "Masal Diyari"]
[WhiteTeamCountry "TUR"]
[BlackTeamCountry "TUR"]

1. Nf3 Nf6 2. d4 e6 3. c4 b6 4. Nc3 Bb4 5. Bd2 Bb7 6. e3 0-0 7. Bd3 d6 8. Qc2 c5 9. a3 Bxc3 10. Bxc3 Nbd7 11. e4 cxd4 12. Nxd4 d5 13. exd5 exd5 14. f3 Ne5 15. 0-0-0 Rc8 16. cxd5 Nxd3+ 17. Qxd3 Nxd5 18. Qd2 Nxc3 19. bxc3 Qf6 20. Kb2 Rc5 21. Rhe1 g6 22. Re3 Rfc8 23. Rde1 Ba6 24. Re8+ Rxe8 25. Rxe8+ Kg7 26. f4 Bc8 27. h3 h5 28. Nf3 Rb5+ 29. Ka1 Bf5 30. Qd4 Qxd4 31. Nxd4 Ra5 32. Kb2 Bd3 33. g4 hxg4 34. hxg4 g5 35. f5 Kf6 36. Re3 Bb5 37. Kb3 Bd7 38. c4 Re5 39. Rg3 Re4 40. Kc3 Ke5 41. Rd3 Be8 42. Nf3+ Kf4 43. Nh2 Re3 44. f6 Bd7 45. Kd4 Rxd3+ 46. Kxd3 Bxg4 47. Kd4 Be2 0-1

[Event "TUR Cup"]
[Site "Antalya"]
[Date "2017.01.29"]
[Round "2"]
[White "Yardim, Ahmet"]
[Black "Oguz, Huseyin"]
[Result "0-1"]
[WhiteElo "1474"]
[BlackElo "1725"]
[PlyCount "112"]
[EventDate "2017.01.28"]
[EventType "swiss"]
[EventRounds "11"]
[EventCountry "TUR"]
[SourceTitle "CBM 176 Extra"]
[Source "ChessBase"]
[SourceDate "2017.03.02"]
[SourceVersion "1"]
[SourceVersionDate "2017.03.02"]
[SourceQuality "1"]

1. d4 Nf6 2. c4 e6 3. Nc3 Bb4 4. Nf3 b6 5. g3 Bb7 6. Bg2 Bxc3+ 7. bxc3 d6 8. Bg5 h6 9. Bxf6 Qxf6 10. 0-0 0-0 11. Rb1 Be4 12. Rb3 Qe7 13. e3 Nd7 14. Rb2 f5 15. Nh4 Bxg2 16. Kxg2 Qf7 17. f4 Rae8 18. Nf3 Re7 19. Re2 Nf6 20. Qd3 Ne4 21. Nd2 Nxd2 22. Rxd2 Qg6 23. Re1 d5 24. cxd5 exd5 25. c4 Qc6 26. cxd5 Qxd5+ 27. Kg1 Rfe8 28. Kf2 Rd7 29. Qb3 c5 30. Qxd5+ Rxd5 31. Rc1 Red8 32. Rcd1 Kf7 33. Ke2 Ke6 34. h3 h5 35. Kf3 g6 36. Rd3 R8d7 37. R1d2 R7d6 38. Ke2 Rd7 39. Kd1 b5 40. a3 a5 41. Kc2 c4 42. Rc3 Rc7 43. Kb1 b4 44. axb4 axb4 45. Rc1 Rb5 46. Ra2 Rc6 47. Ra8 c3 48. Re8+ Kd5 49. Re5+ Kc4 50. Kc2 Ra6 51. Kb1 Rba5 52. Rxa5 Rxa5 53. Re1 Kb3 54. Re2 c2+ 55. Rxc2 Ra1+ 56. Kxa1 Kxc2 0-1